we’re not alike - Tate McRae - All Lyrics - Statistics

General Stats
  • This quiz has been taken 57 times
  • The average score is 292 of 350
Answer Stats
Answer % Correct
I
100%
the
97%
a
95%
(Oh,
95%
you
95%
You
95%
(You
95%
and
92%
And
92%
back
89%
but
89%
could
89%
do
89%
(Do
89%
it
89%
knife
89%
like,
89%
no)
89%
No,
89%
(No,
89%
not
89%
Said
89%
she
89%
She
89%
twice
89%
twice)
89%
um)
89%
Yeah,
89%
did
86%
fuckin'
86%
girl,
86%
girl's
86%
had
86%
know
86%
lie
86%
lie)
86%
my
86%
never
86%
once
86%
that
86%
that's
86%
(That's
86%
was
86%
we're
86%
(We're
86%
why,
86%
why
86%
wonder
86%
alike
84%
alike)
84%
'cause
84%
'Cause
84%
so
84%
So
84%
to
84%
got
81%
than
81%
this
81%
Time
81%
time
81%
your
81%
close
78%
good
78%
I'll
78%
nothin'
78%
there's
78%
I'm
76%
right
76%
see
76%
worse
76%
eyes
73%
should
73%
side
73%
signs
73%
when
73%
wrong,
73%
admit
70%
by
70%
fact
70%
heal,
70%
Judgin'
70%
missin'
70%
of
70%
over
70%
truth
70%
doesn't
68%
haven't
68%
innocent
68%
innocent)
68%
lack
68%
maybe
68%
still
68%
told
68%
Told
68%
you're
68%
me
65%
petty,
65%
pulled
65%
sayin'
65%
sorry
65%
wool
62%
would
59%
decide
57%
him
57%
judgment
57%
look
57%
want
54%
calls
51%
herself
51%
instead?
46%
instead,
46%
or
41%
(Wе're
3%
No matching quizzes found
Score Distribution
Percent of People with Each Score
Percentile by Number Answered
Your Score History
You have not taken this quiz